| 000 | 00886nam a2200217 a 4500 | ||
|---|---|---|---|
| 001 | 54198 | ||
| 003 | BD-RjUL | ||
| 005 | 20211209080103.0 | ||
| 008 | 161103s1989 ii ||||| |||| 00| 0 ben d | ||
| 035 | _a(BD-RjUL)54320 | ||
| 040 |
_aBD-RjUL _bben _cBD-RjUL _dBD-RjUL |
||
| 041 | _aben | ||
| 082 |
_223 _a891.4409 _bCHD 1989 |
||
| 100 |
_aচক্রবর্তী, সুধীর _9161767 |
||
| 245 | 1 | 0 |
_aদ্বিজেন্দ্রলাল রায় স্মরণ বিস্মরণ / _cসুধীর চক্রবর্তী |
| 260 |
_aকলকাতা : _bপুস্তক বিপণি, _c১৯৮৯ |
||
| 300 |
_a১৯২ পৃ. ; _c২২ সেমি. |
||
| 650 |
_aবাংলা সাহিত্য _9161768 _vইতিহাস ও সমালোচনা |
||
| 650 |
_aBengali Literature _9161769 _vHistory and Criticism |
||
| 942 |
_2ddc _cBK |
||
| 999 |
_c54198 _d54198 |
||